00217 2200109 4500245002200000250001100022100001100033650001600044005001900060041001400079084001400093 aICON BETAWIhText aCet. 1 aAndini aKarya Siswa a20250424095723 aIndonesia a081 AND i